Statistics for Famous kids bed time stories

Click here to take the quiz!

General Stats

  • This quiz has been taken 292 times
  • The average score is 7 of 10

Answer Stats

HintAnswer% Correct
she ate an applesnow white
96%
she sleeps very long timesleeping beauty
95%
her granma was eaten by a wolflittle red riding hood
92%
glass slippercinderella
89%
she marry a beastbeauty and the beast
81%
long hairrapunzel
80%
she is a sea creaturelittle mermaid
63%
candy house with full of candy foodshansel and gretel
53%
they exchange there positions as a prince and a beggarprince and the pauper
27%
pigs and wolfthree little pigs and the big bad wolf
10%

Score Distribution

Percentile by Number Answered

Percent of People with Each Score

Your Score History

You have not taken this quiz